000 00710nam a2200217Ia 4500
003 GCL
008 140319s9999 xx 000 0 ara d
040 _aGCL /
_cGCL
082 0 4 _a823
_bش ش
100 1 _aنورالدين مصطفى
245 1 0 _aشتاء السخط /
_cنورالدين مصطفى
700 1 _aشتاينبيك، جون
700 1 _aمصطفى حبيب
260 _aالقاهرة :
_bمؤسسة سجل العرب ،
_c1963
300 _a464 ص ؛
_c24 سم
490 _aالالف كتاب
_v0
650 0 4 _aالقصة الانجليزية المترجمة
650 0 4 _aالادب المترجم
650 0 4 _aالادب الانجليزى المترجم
942 _2ddc
_cBK
999 _c38547
_d38547